LEADER 00921nam0 2200349 450 001 990000999440203316 010 $a88-06-12226-6 035 $a0099944 035 $aUSA010099944 035 $a(ALEPH)000099944USA01 035 $a0099944 100 $a20020227d1991----km-y0ITAy01------ba 101 $aita 102 $aIT 105 $a00||| 200 1 $aDel sentire$fMario Perniola 210 $aTorino$cEinaudi$d[1991] 215 $aVI, 130 p.$d18 cm 225 2 $aSaggi brevi$v19 410 0$12001$aSaggi brevi$v19 676 $a111 700 1$aPERNIOLA,$bMario$0142911 801 0$aIT$bsalbc$gISBD 912 $a990000999440203316 951 $aIV A COLL.259/19$b104971 LM$cIV A COLL. 959 $aBK 969 $aUMA 979 $aPATTY$b90$c20020227$lUSA01$h1000 979 $c20020403$lUSA01$h1741 979 $aPATRY$b90$c20040406$lUSA01$h1709 996 $aDel sentire$9971197 997 $aUNISA LEADER 01053nam1 2200361 450 001 990006113780203316 005 20160120105207.0 035 $a000611378 035 $aUSA01000611378 035 $a(ALEPH)000611378USA01 035 $a000611378 100 $a20160120f---0---9km-y0itay50------ba 101 1 $aita$cpol 102 $aIT 105 $ay|||||||001yy 200 1 $aTesti 1954-1988$fJerzy Grotowski 210 $aLucca$cLa Casa Usher$cVoLo publisher 215 $avolumi$d24 cm 225 2 $aOggi, del teatro 410 0$12001$aOggi, del teatro 463 \1$1001990006113800203316$12001 $a<> <> teatro povero (1965-1969) 606 0 $aTeatro$xTeorie$2BNCF 676 $a792.01 700 1$aGROTOWSKI,$bJerzy$0465285 801 0$aIT$bsalbc$gISBD 912 $a990006113780203316 951 $aXIII.1.B. 1116/$bL.M.$cXIII.1. 959 $aBK 969 $aUMA 979 $aANNAMARIA$b90$c20160120$lUSA01$h1051 979 $aANNAMARIA$b90$c20160120$lUSA01$h1052 996 $aTesti 1954-1988$91384244 997 $aUNISA LEADER 01888nas 2200433 n 450 001 990008892040403321 005 20240229084547.0 011 $a1049-7544 035 $a000889204 035 $aFED01000889204 035 $a(Aleph)000889204FED01 035 $a000889204 091 $2CNR$aP 00058617 100 $a20161109b19451961km-y0itaa50------ba 101 0 $aeng 102 $aUS 110 $aauu-------- 200 1 $a<>American Slavic and East European review 207 1$a1945-1961 210 $aNew York$cColumbia University Press 326 $aTrimestrale 430 0$12001$aThe Slavonic and East European review 440 0$1001000905795$12001$aSlavic review : American quarterly of Soviet and East European studies 452 0$12001$aThe American Slavic and East European review 530 0 $a<>American Slavic and East European review 675 $a880 675 $a947 676 $a940/.05 712 02$aAmerican Association for the Advancement of Slavic Studies 801 0$aIT$bACNP$c20090723 859 4 $uhttp://acnp.cib.unibo.it/cgi-ser/start/it/cnr/dc-p1.tcl?catno=40019&person=false&language=ITALIANO&libr=&libr_th=unina1$zBiblioteche che possiedono il periodico 901 $aSE 912 $a990008892040403321 958 $aBiblioteca Centrale della Facoltà di Giurisprudenza dell'Università di Napoli Federico II$b1956-1961.$fFGBC 959 $aFGBC 996 $aAmerican Slavic and East European review$9801979 997 $aUNINA AP1 8 $6866-01$aNA073 Biblioteca Centrale della Facoltà di Giurisprudenza dell'Università di Napoli Federico II$eCorso Umberto I, 80138 Napoli (NA)$m0812537531/33$m0812537532$nit AP2 40$aacnp.cib.unibo.it$nACNP Italian Union Catalogue of Serials$uhttp://acnp.cib.unibo.it/cgi-ser/start/it/cnr/df-p.tcl?catno=40019&language=ITALIANO&libr=&person=&B=1&libr_th=unina&proposto=NO